000 00725cam a22002177a 4500
005 20220329141147.0
008 971010s1979 r 00010 d
010 _a63619
011 _a64591
035 _a70302
082 _a631.81
_bF4y
245 0 _aFertilizantes
_b: normas y recomendaciones para cultivos agrícolas y hortalizas
260 _aZaragoza :
_bAcribia,
_c1979
300 _a173 p.
590 _aBATCH-UPD
_b10
_c20130110
_lUCH01
_h2103
590 _aCONVERSION
_b10
_c20130109
_lUCH01
_h1334
650 1 4 _aFertilizantes para cultivos.
_940618
901 _aBK
949 _a631.81 F4y
_bS
_cLIBRO
_d-2633
_eLIBRO
_h3497
_i70302
_si
_t54.00
949 _a631.81 F4y
_bS
_cLIBRO
_d-52251
_eLIBRO
_fc.2
_h3498
_i70302
_si
_t54.00
999 _c63619
_d63619